000 01183naa a22003377a 4500
001 BR9210828
003 BR-BrBNA
005 20250721155416.0
007 ta
008 250630b bl.|||m| |||| 00| 0 por d
040 _aBR-BrBNA
_bpor
_cBiblioteca Nacional de Agricultura
041 _a(Pt)
072 _aA50
_b2480
_bG514
090 _aA50 BR9210828
100 1 _aSouza, R.F.
100 1 _aValois, A.C.C.
100 1 _aPaiva, J.R. de
100 1 _aCarbajal, A.P.
100 1 _aRocha Neto, O.G. da
100 1 _aSouza, R.A. de
111 1 _a1. Simposio do Tropico Umido
_cBelem, PA (Brazil)
_d12-17 Nov 1984
245 1 _aDesenvolvimento da pesquisa heveicola no Brasil
500 _aAnais do 1. Simposio do Tropico Umido Brasilia, DF (Brasil): 1986. p. 81-91 [Summaries (En, Pt)] (BR9210828-AMS)
773 0 _tAnais do 1. Simposio do Tropico Umido
_b
_wA50 BR9210828
_gBrasilia, DF (Brasil), 1986. p. 81-91
650 _aSERINGUEIRA
650 _aPROGRAMA DE PESQUISA
650 _aPESQUISA AGRICOLA
490 _aDocumentos - Centro de Pesquisa Agropecuaria do Tropico Umido (Brazil)
_vno. 36
942 _cAMS
_2AGRIS
909 _a202506
_bLúcia
_c55
_dLúcia Elande
999 _c336337
_d336337